000 00275nam a2200097Ia 4500
001 720580
005 20250826163236.0
008 250824s9999 xx 000 0 und d
245 0 _aALMANLARIN KONYA VE ÇEVRESİNDEKİ FAALİYETLERİ
_cFATİH ÇOLAK
260 _bÇİZGİ YAYINLARI
999 _c720580
_d720580